000 00392nam a2200157Ia 4500
999 _c2700
_d2700
003 OSt
005 20190916101408.0
008 190902s9999||||xx |||||||||||||| ||und||
020 _a9788131763308
040 _cmaju
100 _aRobert Vitale.Joseph
245 0 _aBusiness to Business Marketing Analysis and Practice
260 _aIndia
_bPearson
_c2011
300 _a512
942 _cBK
_2ddc